000 00630nam a2200205 4500
001 139465
003 ES-MaACL
007 t|
008 070214s1974 sp r ||||1| spa d
100 1 _aScharf, Betty Ronald.
_9104237
245 1 3 _aEl estudio sociológico de la religión /
_cBetty R. Scharf ; [traducción de Rosa Vilaró].
250 _a1ª ed.
260 _aBarcelona :
_bSeix Barral,
_c1974.
300 _a292 p. ;
_c20 cm.
490 1 _aBiblioteca breve
700 1 _aVilaró, Rosa.
_9114820
830 0 _aBiblioteca breve (Seix Barral)
_9227188
852 _aES-MaACL
_jE-8199
_bR.92396
999 _c139465
_d139465